Productivity measurement and analysis Asian agriculture

সংরক্ষণ করুন:
গ্রন্থ-পঞ্জীর বিবরন
বিন্যাস: গ্রন্থ
ভাষা:Undetermined
প্রকাশিত: Tokyo Asian Productivity Organization 1987
বিষয়গুলি:
ট্যাগগুলো: ট্যাগ যুক্ত করুন
কোনো ট্যাগ নেই, প্রথমজন হিসাবে ট্যাগ করুন!
Thư viện lưu trữ: Trung tâm Học liệu Trường Đại học Cần Thơ
LEADER 00479nam a2200157Ia 4500
001 CTU_6302
008 210402s9999 xx 000 0 und d
082 |a 338.1095 
082 |b P964 
245 0 |a Productivity measurement and analysis 
245 0 |b Asian agriculture 
260 |a Tokyo 
260 |b Asian Productivity Organization 
260 |c 1987 
650 |a agriculture - economic aspects,industrial productivity 
980 |a Trung tâm Học liệu Trường Đại học Cần Thơ